Mobilný dvojkolesový robot typu AMAV/Segway
Enregistré dans:
| Auteur principal: | |
|---|---|
| Autres auteurs: | |
| Format: | Manuscrit Livre |
| Langue: | slovaque |
| Publié: |
2015
|
| Sujets: | |
| Accès en ligne: | http://is.stuba.sk/zp/portal_zp.pl?podrobnosti=98338 |
| Tags: |
Pas de tags, Soyez le premier à ajouter un tag!
|
MARC
| LEADER | 00000ntm a22000003a 4500 | ||
|---|---|---|---|
| 001 | stuzp52546 | ||
| 003 | SK-STU | ||
| 005 | 20160719154215.7 | ||
| 007 | ta | ||
| 008 | 150427s2015----xo-----f-mn---000-0-slo-d | ||
| 040 | |a STU |b slo | ||
| 041 | 0 | |a slo | |
| 100 | 1 | |a Trubač, Ondrej |u 031000 |4 aut |U FEI Fakulta elektrotechniky a informatiky |T FEI Ústav robotiky a kybernetiky |X 64198 |U E011 |Y 356 |7 A000064198 | |
| 242 | 0 | 1 | |a AMAV/Segway two-wheeled mobile robot |y eng |
| 245 | 1 | 0 | |a Mobilný dvojkolesový robot typu AMAV/Segway |
| 260 | |c 2015 | ||
| 300 | |a 66 s., príl. |b CD-ROM | ||
| 650 | 4 | |a AMAV |2 slo | |
| 650 | 4 | |a Segway |2 slo | |
| 650 | 4 | |a dicykel |2 slo | |
| 650 | 4 | |a podvozok |2 slo | |
| 650 | 4 | |a robot |2 slo | |
| 650 | 4 | |a AMAV |2 eng | |
| 650 | 4 | |a robot |2 eng | |
| 650 | 4 | |a chassis |2 eng | |
| 650 | 4 | |a Segway |2 eng | |
| 650 | 4 | |a dicycle |2 eng | |
| 700 | 1 | |a Rodina, Jozef |4 ths |X 11924 |7 A000011924 | |
| 856 | 4 | |u http://is.stuba.sk/zp/portal_zp.pl?podrobnosti=98338 | |
| 996 | |b 284EP11087 |c E*DIPL- 11087 |l EE31 |s P |a 0 |w stuzp52546_0001 | ||
| SQL | |a stuzp52546 |b DDP |c SLO |d Mobilný dvojkolesový robot typu AMAV/Segway |e 64198 |f Trubač, Ondrej |g 031000 |h 11924 |i Rodina, Jozef |j 20150616 |k 84 |l 03 |m http://is.stuba.sk/zp/portal_zp.pl?podrobnosti=98338 |n I-ROB |o 5.2.14. automatizácia | ||